| 000 | 00675nam a2200217 i 4500 | ||
|---|---|---|---|
| 001 | 133496 | ||
| 003 | ES-MaACL | ||
| 005 | 20230906194427.0 | ||
| 007 | t| | ||
| 008 | 070816s1972 sp ||||1| spa d | ||
| 100 | 1 |
_aWolf, Laurent. _9117233 |
|
| 245 | 1 | 0 |
_aIdeología y producción _b: el diseño / _cLaurent Wolf ; [traducción Françoise Charpentier]. |
| 260 |
_aBarcelona : _bRedondo, _c[1972] |
||
| 300 |
_a222 p. ; _c18 cm. |
||
| 490 | 1 |
_aColección Beta ; _v15 |
|
| 650 | 4 |
_aDiseño industrial. _911945 |
|
| 700 | 1 |
_aCharpentier, Françoise. _938106 |
|
| 830 | 0 |
_aColección Beta ; _v15 _9182347 |
|
| 852 |
_aES-MaACL _jC-53173 _bR.84211 |
||
| 999 |
_c133496 _d133496 |
||